| 000 | 00936nam a2200229 a 4500 | ||
|---|---|---|---|
| 003 | OSt | ||
| 005 | 20220531084006.0 | ||
| 007 | ta | ||
| 008 | 201123e1987 dr ac|||rf||| 001 0 spa d | ||
| 040 |
_aDO-SdBNP _bspa _cBNPHU |
||
| 041 | _hspa | ||
| 082 |
_axxx _bJ86m |
||
| 100 |
_aJoubert , José. _977363 |
||
| 245 |
_aManual de los cuerpos extraños en vías respiratorias y digestivas : _bmanual de endoscopía / _cJosé Joubert ; Marcio Veloz Maggiolo... [et. al.] , dirección editorial. |
||
| 260 |
_aSan Pedro de Macorís, República Dominicana : _bUniversidad Central del Este , _c1987 |
||
| 300 |
_a136 pg. , _bretratos ; _c20 cm |
||
| 700 | 1 |
_aMaggiolo Veloz, Marcio , _edirección editorial. _977364 |
|
| 700 | 1 |
_aGastón Arce , Freddy , _edirección editorial _977365 |
|
| 700 | 1 |
_aCamarazamy , Francisco , _edirección editorial _977366 |
|
| 700 | 1 |
_aLuna Carderón , Fernándo , _edirección editorial _944052 |
|
| 942 |
_2ddc _cLBS1 |
||
| 999 |
_c49180 _d49180 |
||